000 01003nam a2200289Ia 4500
003 OSt
005 20221005083347.0
006 a|||||r|||| 00| 0
007 ta
008 221004b |||||||| |||| 00| 0 eng d
020 _a9789382652649 (hbk)
024 _a22979
037 _bgift, 03/11/2015,
_cTextual
040 _aCRL
_cCRL
_beng
041 _2eng
_aeng
082 _aV2:19595.P1, Q4
100 _aSakhuja Vijay Ed.
_9455772
245 0 _aIndia-poland relations in the 21st century
_b Vistas for future coopration
260 _aNew Delhi
_bVij books india pvt ltd India
_c2014
300 _axiv, 158p.
_ccm.
490 _aPolski instytut spraw miedzynarodowych the polish institute of international affairs
650 _aHISTORY
700 _a Kugiel Patryk Ed.
_9612542
700 _a Upadhyay Dinoj K Ed.
_9459094
942 _hV2:19595.P1, Q4
_cTEXL
_2cc
999 _c990758
_d990758